| 000 | 00370nam a2200109Ia 4500 | ||
|---|---|---|---|
| 008 | 171211s9999 xx 000 0 und d | ||
| 245 | _aDraw Cartoon People In 4 Easy Steps: Then Write A Story (drawing In 4 Easy Steps) By Stephanie Labaff | ||
| 245 | _cStephanie LaBaff | ||
| 260 | _c2012 | ||
| 650 | _xDrawing | ||
| 856 | _uhttp://down.ebook777.com/002/978-1464400162.rar | ||
| 999 |
_c348041 _d348041 |
||